|
|
|
|
| LEADER |
01908nam a2200337 a 4500 |
| 001 |
18156 |
| 003 |
BD-DhAAL |
| 008 |
850903s1985 enka b 001 0 eng d |
| 010 |
|
|
|a \\\85019867
|
| 020 |
|
|
|a 0198596413 :
|c $22.95
|
| 020 |
|
|
|a 0198596502 (pbk.) :
|c $10.95
|
| 020 |
|
|
|a 9780198596509
|
| 040 |
|
|
|a DLC
|c DLC
|d DLC
|d BD-DhAAL
|
| 082 |
0 |
0 |
|a 515.353
|2 19
|
| 100 |
1 |
|
|a Smith, G. D.
|q (Gordon D.)
|9 57599
|
| 245 |
1 |
0 |
|a Numerical solution of partial differential equations :
|b finite difference methods /
|c G.D. Smith.
|
| 250 |
|
|
|a Third edition.
|
| 260 |
|
|
|a Oxford [Oxfordshire] :
|b Clarendon Press ;
|a New York :
|b Oxford University Press,
|c c1985.
|
| 300 |
|
|
|a xi, 337 p. :
|b ill. ;
|c 22 cm.
|
| 490 |
0 |
|
|a Oxford applied mathematics and computing science series
|
| 504 |
|
|
|a Includes bibliographcal references (pages [331]-333) and index.
|
| 526 |
|
|
|a MNS
|x Fardousi Ara Begum
Faculty Member of BRAC University
Course Name : Numerical Analysis II (MAT 312)
|
| 541 |
1 |
|
|e 18156, 18157
|a D. S. Books International
|
| 650 |
|
0 |
|a Differential equations, Partial
|x Numerical solutions.
|9 57600
|
| 650 |
|
0 |
|a Difference equations
|x Numerical solutions.
|9 57601
|
| 830 |
|
|
|a Oxford applied mathematics and computing science series
|9 57602
|
| 852 |
4 |
|
|a Ayesha Abed Library
|c General Stacks
|
| 942 |
|
|
|2 ddc
|c BK
|
| 999 |
|
|
|c 3575
|d 3575
|
| 952 |
|
|
|0 0
|1 0
|2 ddc
|4 0
|6 515_353000000000000_SMI
|7 0
|9 3246
|a BRACUL
|b BRACUL
|c GEN
|d 2009-09-02
|e D. S. Books International
|l 0
|o 515.353 SMI
|p 3010018156
|r 2009-09-02
|t 1
|w 2009-09-02
|y BK
|x Requisitioned by Fardousi Ara Begum for the course named- "Numerical Analysis II (MAT 312)" ; USD 69.95
|
| 952 |
|
|
|0 0
|1 0
|2 ddc
|4 0
|6 515_353000000000000_SMI
|7 0
|9 16293
|a BRACUL
|b BRACUL
|c GEN
|d 2011-05-05
|e D. S. Books International
|l 1
|o 515.353 SMI
|p 3010018157
|r 2016-01-04
|s 2015-09-03
|t 2
|w 2011-05-05
|y BK
|x Requisitioned by Fardousi Ara Begum for the course named- "Numerical Analysis II (MAT 312)" ; USD 69.95
|